The elderly contemporary issues / (Record no. 7822)
[ view plain ]
| 000 -LEADER | |
|---|---|
| fixed length control field | 00548nam a22002057a 4500 |
| 001 - CONTROL NUMBER | |
| control field | BD-DhSAU 7822 |
| 003 - CONTROL NUMBER IDENTIFIER | |
| control field | BD-DhSAU |
| 005 - DATE AND TIME OF LATEST TRANSACTION | |
| control field | 20150528160531.0 |
| 008 - FIXED-LENGTH DATA ELEMENTS--GENERAL INFORMATION | |
| fixed length control field | 150528b2003 bg a|||| |||| 001 0 eng d |
| 020 ## - INTERNATIONAL STANDARD BOOK NUMBER | |
| International Standard Book Number | 9843209494 |
| 040 ## - CATALOGING SOURCE | |
| Original cataloging agency | BD-DhSAU |
| 082 ## - DEWEY DECIMAL CLASSIFICATION NUMBER | |
| Edition number | 22 |
| Classification number | 304.6 |
| Item number | BAE |
| 245 ## - TITLE STATEMENT | |
| Title | The elderly contemporary issues / |
| Statement of responsibility, etc. | edited by M. A. Sattar...[et. al.] |
| 260 ## - PUBLICATION, DISTRIBUTION, ETC. (IMPRINT) | |
| Place of publication, distribution, etc. | Dhaka : |
| Name of publisher, distributor, etc. | BAG , |
| Date of publication, distribution, etc. | c2003. |
| 300 ## - PHYSICAL DESCRIPTION | |
| Extent | xxxvi, 244 p.: |
| Other physical details | ill.; |
| Dimensions | 21 cm. |
| 504 ## - BIBLIOGRAPHY, ETC. NOTE | |
| Bibliography, etc | Includes index |
| 590 ## - Name of Cataloguer | |
| Name of Cataloger | IMRAN |
| 700 ## - ADDED ENTRY--PERSONAL NAME | |
| Personal name | Sattar, M. A. |
| 942 ## - ADDED ENTRY ELEMENTS (KOHA) | |
| Source of classification or shelving scheme | Dewey Decimal Classification |
| Koha item type | Book |
| Withdrawn status | Lost status | Source of classification or shelving scheme | Damaged status | Not for loan | Home library | Branch Name | Shelving location | Date acquired | Total Checkouts | Full call number | Barcode | Date last seen | Price effective from | Koha item type |
|---|---|---|---|---|---|---|---|---|---|---|---|---|---|---|
| Dewey Decimal Classification | Not For Loan | SAU Library | SAU Library | Reference | 25/05/2004 | 304.6 BAE | 30999 | 28/05/2015 | 28/05/2015 | Book |
